000 00461nam a2200145 a 4500
001 000028279
005 20240320074002.0
008 110407s1994 dr r 000 0 spa d
040 _aDO-SdBNP
_bspa
_cBNPHU
082 _axxxx
_bxxxx
245 0 0 _aDos artículos del padre Alemán, S. J. /
_ceditor Rafael Bello Peguero.
260 _aSanto Domingo :
_fAmigo del hogar,
_c1994.
300 _a47 p. ;
_c20 cm.
700 1 _aBello Peguero, Rafael,
_d1932-2022
_eed.
_92405
999 _c27771
_d27771